Cálculo diferencial e integral
| Main Authors: | , |
|---|---|
| Format: | Section = Libro |
| Language: | Undetermined Spanish |
| Published: |
México
Limusa
1988
|
| Subjects: |
| LEADER | 00594nam a2200229Ia 4500 | ||
|---|---|---|---|
| 008 | 241007s9999||||xx |||||||||||||| ||und|| | ||
| 020 | |a 968-18-2783-X | ||
| 040 | |a BIBLIOTECA-RURC/ 515.33 T238 | ||
| 041 | |a spa | ||
| 082 | |a 515.33 T238 | ||
| 100 | 1 | |a Taylor, Howard E. | |
| 100 | 1 | |b Wade, Thomas L. | |
| 245 | 1 | 0 | |a Cálculo diferencial e integral |
| 260 | |a México |b Limusa |c 1988 | ||
| 300 | |a 180 p. :IL. | ||
| 650 | 7 | |a RELACIONES Y FUNCIONES | |
| 650 | 7 | |b LIMITES Y CONTINUIDAD | |
| 650 | 7 | |c DERIVADAS | |
| 650 | 7 | |d NTEGRALES DEFINIDAS. | |
| 942 | |c BK |2 ddc | ||
| 991 | |a TEXTO | ||
| 999 | |c 14360 | ||